000 00631nam a2200169 a 4500
005 20240419063759.0
008 991125s1956 mx 000 0 spa u
035 _aUPN01000003282
049 _aCG
050 4 _aGN50.8
_bF3.32
100 1 _aFulhaber, Johanna
245 1 0 _aAntropología física de Veracruz :
_btomo II /
_cJohanna Faulhaber ; introd. por Jorge A. Vivo ; pról. de Eusebio Dávalos Hurtado ; carta etnográfica por José Luis Melgarejo Vivanco.
260 _aVeracruz :
_bGobierno del Estado de Veracruz,
_c1956.
300 _a[5] p., [50] h. pleg. :
_bmapa
650 4 _aAntropología física
_94461
905 _aLibro
999 _c3282
_d3282